L'instruction publique dans l'Amérique du Sud (République Argentine) (Record no. 155460)

MARC details
000 -LEADER
campo de control de longitud fija 00730nam a2200181 i 4500
001 - NÚMERO DE CONTROL
campo de control 155460
003 - IDENTIFICADOR DE NÚMERO DE CONTROL
campo de control ES-MaACL
005 - FECHA Y HORA DE LA ÚLTIMA TRANSACCIÓN
campo de control 20230906210102.0
008 - DATOS DE LONGITUD FIJA--INFORMACIÓN GENERAL
campo de control de longitud fija 040721q18801900fr a |||| | fre d
040 ## - FUENTE DE CATALOGACIÓN
Centro catalogador/agencia de origen CAM
Lengua de catalogación spa
Centro/agencia transcriptor CAM
100 1# - ENTRADA PRINCIPAL--NOMBRE DE PERSONA
Nombre de persona Hippeau, Celestin.
9 (RLIN) 127993
245 12 - MENCIÓN DEL TÍTULO
Título L'instruction publique dans l'Amérique du Sud (République Argentine)
Resto del título : enseignement primaire, enseignement secondaire, enseignement supérieur /
Mención de responsabilidad, etc. par C. Hippeau.
260 ## - PUBLICACIÓN, DISTRIBUCIÓN, ETC.
Lugar de publicación, distribución, etc. Paris :
Nombre del editor, distribuidor, etc. Didier et cie,
Fecha de publicación, distribución, etc. [s.a.] (
Fabricante Typographie A. Lahure)
300 ## - DESCRIPCIÓN FÍSICA
Extensión LVI, 403 p., [3] h. de lám. ;
Dimensiones 18 cm.
596 ## - NOTA AL PIE DE IMPRENTA
NOTA AL PIE DE IMPRENTA Probablemente impreso entre 1880 y 1900.
650 #4 - PUNTO DE ACCESO ADICIONAL DE MATERIA--TÉRMINO DE MATERIA
Término de materia o nombre geográfico como elemento de entrada Enseñanza pública-
Subdivisión geográfica Argentina.
9 (RLIN) 150815
852 ## - LOCALIZACIÓN
Ubicación ES-MaACL
Número de control de estantería D-2601
Nota libre -- Enc. hol.
Holdings
Estatus retirado Estado de pérdida Estado de daño No para préstamo Biblioteca de origen Biblioteca actual Ubicación en estantería Fecha de adquisición Fuente de adquisición Total de préstamos Signatura topográfica completa Código de barras Visto por última vez Precio de reemplazo Tipo de ítem Koha
        Biblioteca del Ateneo de Madrid Biblioteca del Ateneo de Madrid Sala Valle Inclán 17/01/2008     D-2601 901162616 23/02/2023 23/02/2023 Libro impreso